000 00680nam a2200289Ia 4500
005 20260324132426.0
008 008 260324s9999 xx 000 0 eng d
020 _a9780203767221
037 _aEBOOK
040 _aCRL
040 _beng
040 _cCRL
041 _2eng
041 _aeng
084 _qCRL
100 _aSandra Buechler
_91142800
245 0 _aClinical Values
245 0 _bEmotions That Guide Psychoanalytic Treatment
260 _bTaylor and Francis
260 _c2004
365 _a
365 _b220
856 _uhttp://www.taylorfrancis.com/books/9780203767221
942 _cEBOOK
999 _c1787339
_d1787339